Mots difficiles en D - Statistiques

Statistiques générales
  • Ce quiz a été pris 512 fois
  • Le résultat moyen est 11 sur 15
Statistiques - réponses
Question Réponse % Correct
Dubitatif (adjectif) Qui montre du doute, de l'incrédulité
95%
Dactylographie (nom) Technique d'écriture à la machine à écrire
89%
Didactique (adjectif) Dont le but est l'enseignement
87%
Dilater (verbe) Augmenter le volume d'un corps
84%
Dédaigner (verbe) Considérer avec mépris
84%
Dandy (nom) Homme aux goûts et aux manières très soignés
82%
Dogme (nom) Opinion devenue vérité incontestable
79%
Diapason (nom) Note qui sert de fréquence de référence
74%
Déchoir (verbe) Priver, déposséder d'un droit
74%
Dantesque (adjectif) Grandiose et inquiétant
68%
Diatribe (nom) Critique amère et violente
63%
Dithyrambique (adjectif) Très élogieux
58%
Diaprer (verbe) Parer de couleurs vives et variées
53%
Ductile (adjectif) Qui peut être étiré sans casser
53%
Délétère (adjectif) Qui met la santé en danger
34%
Aucun quiz correspondant
Distribution des résultats
% des personnes avec chaque résultat
Percentile par nombre de réponses
Votre historique - résultats
Vous n’avez pas pris ce quiz